02142nam a2200241Ia 4500003000400000005001700004008004100021020001800062040002100080041000800101082002500109100003400134245014600168260003200314300002900346490003600375500006100411504003800472505026500510520106100775650002601836650003801862OSt20200909174119.0191128s2011 sp gr 000 0 spa d a9788483195901 aCO-JMCRcCO-JMCR0 aspa04a364.133 /bE711p2231 aEscario, José Luis, eautor10aParaísos fiscales : blos agujeros negros de la economía globalizada / cJosé Luis Escario ; prólogo de Manuel de la Rocha Vásquez. aMadrid : bCatarata, c2011 a122 páginas ; c21 cm.0 aLos libros de la catarata ; v3 aIncluye datos biográficos del autor en solapa frontal. aBibliografía: páginas 121-1220 aParaísos fiscales y crisis económica -- La lucha contra las practicas fiscales nocivas en la agenda internacional y el fortalecimiento de los sistemas fiscales -- La transparencia en la presentación de las cuentas de las multinacionales y los bancos como3 aLa reciente crisis económica ha puesto en evidencia los efectos perniciosos de los paraísos fiscales y de las prácticas asociadas a ellos, como la evasión y la elusión fiscal. Actualmente ha quedado bien claro que ya no se trata de un problema colateral que los gobiernos más o menos han tolerado históricamente. Tras el derrumbe de Lehman Brothers y el colapso económico-financiero, muchas voces advierten que el problema ya ha alcanzado una dimensión tal que amenaza a la economía en general, al sostenimiento del Estado del bienestar y a la lucha contra la pobreza en el mundo. Conscientes de ello, en los cinco G20 que se celebraron tras la crisis de 2008, los líderes políticos incluyeron en la agenda la lucha contra las jurisdicciones ?no-cooperativas?. Existe sin embargo un riesgo de que tras la crisis se olvide el papel determinante de los paraísos fiscales, así como la parte de responsabilidad que corresponde a ciertas multinacionales y bancos, principales usuarios de estos agujeros negros del sistema financiero.14aParaísos fiscales 14aLucha contra prácticas fiscales